000 01460nam a22002537a 4500
003 Uzh_bibl
008 260428b |||||||| |||| 00| 0 ukr d
020 _a978-617-589-168-1
_c45.00
040 _bукр.
041 _2ukr
_aukr
080 _a821(477)
090 _a821(477)
_bЛ 93
100 _aЛюбар, Михайло
245 _aБанда Чорногуза
_hТекст
260 _aУжгород
_bТДВ "Патент"
_c2019
300 _a354 с.
_fВ опр.
520 _aУ романі описані бойові події військової організації у післяреволюційний період та роки громадянської війни, боротьба з більшовицькою владою майже в кожній області України. Очолював цю організацію в 1919-1930 роках з центром управління на Вінниччині Вадим Чорногуз – офіцер Російської імперії.
521 _aДля широкого кола читачів
546 _aукр.
650 _aКраєзнавча література
_xЛітературно - художнє видання
653 _aВадим Чорногуз
_aБоротьба з більшовицькою владою
655 _aІсторична література
_vРоман
_y1919-1930 р.р.
_zУкраїна
942 _2udc
_cBK
999 _c17539
_d17539